|
|
|
|
| LEADER |
00000nab a2200000 a 4500 |
| 001 |
vtls010174239 |
| 003 |
SK-MaSNL |
| 005 |
20260304155202.0 |
| 008 |
250507c2010 xo mr|p|||a |000 b|slo |
| 015 |
|
|
|a SNBRB2010/10
|
| 035 |
|
|
|a (sysno)vtls010174239
|
| 035 |
|
|
|a urn:nbn:sk:snk-ab6zp8
|
| 035 |
|
|
|a (uuid)4cf65bdb-01cd-486d-9833-8c86b498a061
|
| 035 |
|
|
|a (urnnbn)urn:nbn:sk:snk:ar-a06d36
|
| 038 |
|
|
|a SPK
|
| 040 |
|
|
|a SNKBUCL
|b slo
|c SNKBUCL
|e AACR2
|
| 041 |
0 |
|
|a slo
|b slo
|
| 044 |
|
|
|a xo
|c SK
|
| 072 |
|
7 |
|a 611
|x Anatómia človeka a porovnávacia anatómia
|2 konspekt
|
| 072 |
|
7 |
|a 612
|x Fyziológia človeka a porovnávacia fyziológia
|2 konspekt
|
| 080 |
|
|
|a 611.2
|2 2001
|
| 080 |
|
|
|a 612.2
|2 2001
|
| 245 |
0 |
0 |
|a Cesta do ľudského vnútra
|b Dýchacia sústava
|c spracovala Ivana Jungová
|
| 300 |
|
|
|b Fotogr.
|
| 546 |
|
|
|a Res. slov.
|
| 650 |
0 |
7 |
|a dýchacie ústroje
|2 snkbucl
|9 69909
|
| 650 |
0 |
7 |
|a anatómia
|2 snkbucl
|9 695
|
| 650 |
0 |
7 |
|a fyziológia
|2 snkbucl
|9 697
|
| 700 |
1 |
|
|a Jungová, Ivana
|4 red
|9 15050
|
| 740 |
0 |
2 |
|a Dýchacia sústava
|
| 773 |
0 |
|
|t Dieťa nielen pre rodičov
|g Roč. XVI, č. 9 (2010), s. 68-[69]
|x 1335-0919
|
| 850 |
|
|
|a Slovenská národná knižnica
|
| 852 |
|
|
|a Slovenská národná knižnica
|
| 856 |
4 |
1 |
|a www.dieta.sk
|
| 954 |
|
|
|a odborná, vedecká literatúra pôvodná (slovenská)
|2 lita
|
| 958 |
|
|
|a article27
|
| 958 |
|
|
|a MI
|
| 958 |
|
|
|a OND
|
| 958 |
|
|
|a EUIPO
|
| 999 |
|
|
|c 2961160
|d 2963090
|